000 00836nam a22002777a 4500
001 22626
003 UA-OsUOA
005 20220120150917.0
007 ta
008 20031223b un ||||| |||| 00| 0 ukr d
020 _a5-86926-021-3
040 _aUA-OsUOA
_brus
_cUA-OsUOA
_dUA-OsUOA
041 _arus
044 _aUA
080 _a159.98
090 _a159.98
_bБ83
100 _aБоровский А. Б.
245 _aСистема методов профессиональной ориентации
_bучебно-методическое пособие
_nкн. 2
_pМетоды профориентационной работы
260 _aКиев
_bМЗУУП
_c1993
300 _a164 с.
650 7 _2UDC
700 _aПотапенко Т.М.
700 _aЩекин Г.В.
942 _cBK
_2udc
955 _a0
999 _c308848
_d308848